01338cam a22003377a 4500003000500000005001700005008004100022010001000063011001000073035001000083040000900093082001800102110006600120245012100186260008200307300001000389590004100399590004100440590004100481590004100522590004100563590004200604650005200646650003500698650002700733901000700760942001000767949006800777999001700845952013800862CHAP20220817041816.0971013s1983 r 00010 d a25144 a26116 a30216 cCHAP a631.0913bI52 aInstituto Interamericano de Cooperación para la Agricultura13aEl programa IICA-trópicosb: doce años de actuación en el trópico suramericano (abril de 1971-abril de 1983) aBrasilia :bInstituto Interamericano de Cooperación para Agricultura,c1983 a107 p aBATCH-UPDb10c20130110lUCH01h0027 aBATCH-UPDb10c20130110lUCH01h1035 aBATCH-UPDb10c20130409lUCH01h2008 aBATCH-UPDb10c20130410lUCH01h0637 aBATCH-UPDb10c20130913lUCH01h2109 aCONVERSIONb10c20130109lUCH01h131514aAgriculturaxInvestigaciónxTrópicos.9168614aAgriculturaxTrópicos.9188814aAyuda técnica.99035 aBK cLIBRO a631.0913 I52bBCcLIBROd33724000052775eLIBROh61443i30216si c25144d25144 00102ddc4052708GRALaBCbBCcPP_GRALd2019-12-31fLIBROl0o631.0913 I52p33724000052775r2019-12-31 00:00:00w2019-12-31yLIBRO